000 00577cam a22002053a 4500
001 37794
003 PGUSA
005 20140828083830.0
008 111018s2011||||xxu|||||s|||||000 | eng d
040 _aPGUSA
_beng
042 _adc
100 1 _aCross, Joseph
245 1 0 _aOld Wine and New :
_bOccasional Discourses
_h[electronic resource] /
_cJoseph Cross
260 _bProject Gutenberg,
_c2011
506 _aPublic domain in the USA.
516 _aElectronic text
830 0 _aProject Gutenberg
_v37794
856 4 0 _uhttp://www.gutenberg.org/ebooks/37794
942 _cEB
999 _c267048
_d267048